Chansons de Jean-Jacques Goldman - Mort subite - Statistiques

Statistiques générales
  • Ce quiz a été pris 774 fois
  • Le résultat moyen est 18 sur 25
Answers on the Grid
Answers color-coded by a green-red scale on the quiz's grid according to % correct below.
A bicyclette
A nos actes manqués
Au bout de mes rêves
Belle
Bonne idée
Comme toi
L'envie
Elle a fait un bébé toute seule
Et dans 150 ans
En passant
Encore un matin
Entre gris clair et gris foncé
Envole moi
Femme
Il changeait la vie
Il suffira d'un signe
Je t'aime moi non plus
Je te donne
Je vais t'aimer
Je marche seul
L'encre de tes yeux
L'oiseau malin
La vie par procuration
La pêche à la ligne
La vie est belle
Là-bas
Le chasseur
Le sud
Les choses
Long is the road
Mon coeur de rockeur
Né en 17 à Leidenstadt
Mon millésime
Nos mains
On ira
Sur ma route
Pas toi
Pour que tu m'aimes encore
Puisque tu pars
Quand je t'aime
Quand la musique est bonne
Tu m'oublieras
Sache que je
Zen
Tournent les violons
 
Statistiques - réponses
Réponse % Correct
Au bout de mes rêves
93%
A nos actes manqués
91%
Envole moi
91%
Je te donne
89%
Comme toi
88%
Elle a fait un bébé toute seule
86%
Encore un matin
86%
Il suffira d'un signe
85%
Je marche seul
84%
Quand la musique est bonne
84%
Là-bas
83%
Il changeait la vie
79%
La vie par procuration
79%
Né en 17 à Leidenstadt
76%
Pas toi
73%
Tournent les violons
72%
Puisque tu pars
71%
On ira
66%
Bonne idée
54%
Entre gris clair et gris foncé
53%
Long is the road
46%
Sache que je
46%
En passant
39%
Nos mains
39%
Les choses
36%
Aucun quiz correspondant
Distribution des résultats
% des personnes avec chaque résultat
Percentile par nombre de réponses
Votre historique - résultats
Vous n’avez pas pris ce quiz